000 00404pab a2200121 454500
008 180718b xxu||||| |||| 00| 0 eng d
100 _aDogra Bharat
245 _aCritical views ignored: critical comments on the Economic Survey for 1993-94 presented at Parliament on February 24, 1994
362 _a42(7), Apr 1994, p.21-22
650 _aRural Development -- India
773 _aKurukshetra
909 _a27012
999 _c27012
_d27012